000 00296nam a2200133Ia 4500
008 220216s9999 xx 000 0 und d
100 _aHeck C
245 0 _aRubber makes movies
260 _bRubber Developments
_c1951
300 _a58-59
650 _aMovies
650 _aRubber
942 _cJS
999 _c67792
_d67792